| 000 | 00680nam a2200217Ii 4500 | ||
|---|---|---|---|
| 003 | JO-AjNU | ||
| 008 | 230606s9999||||xx |||||||||||||| ||und|| | ||
| 020 | _a978-1-118-74149-8 | ||
| 040 |
_aJO-AjNU _beng _erda _cJO-AjNU |
||
| 041 | _aeng | ||
| 050 | 1 | 4 | _aTA170.M54 2014 |
| 100 | 3 |
_aZimmerman , Julie Beth , _eauthor _94525 |
|
| 245 | 0 | 0 | _aEnvironmental Engineering Fundamentals, Sustainability , Design |
| 250 | _a2 ed | ||
| 264 | 3 | 1 | _aJhon wiley ,2014 |
| 300 | _a680p | ||
| 336 |
_atext _btxt _2rdacontent |
||
| 337 |
_aunmediated _bn _2rdamedia |
||
| 338 |
_avolume _bnc _2rdacarrier |
||
| 650 | 4 |
_aEnvironmental Engineering Fundamentals, Sustainability , Design _94526 |
|
| 999 |
_aE2348 _c2346 _d2346 |
||